[Event "DMP-III LIGA Senior PK 2020"]
[Site "Bystre"]
[Date "2020.07.11"]
[Round "6.27"]
[White "Wojciechowski, Beniamin"]
[Black "Futyma, Dawid"]
[Result "1-0"]
[WhiteElo "1835"]
[BlackElo "1278"]
[Annotator "NA RC"]
[PlyCount "55"]
[EventDate "2020.07.05"]
[EventType "team-tourn"]
[EventCountry "POL"]
[SourceTitle "playchess.com"]
[Source "ChessBase"]
[SourceQuality "1"]
[TimeControl "5400+30"]

{[%evp 20,53,152,32767,31,32767,32767,32767,32767,32767,32767,38,60,-25,268,32767,32767,32767,32767,-27,69,80,66,160,209,236,214,252,257,272,291,288,477,524,479,297]} 1. e4 {[%emt 0:00:00]} c6 {[%emt 0:00:00]} 2. d4 {[%emt 0:00:31]} d5 {[%emt 0:00:19]} 3. e5 {[%emt 0:00:05]} Bf5 {[%emt 0:00:14]} 4. h4 {[%emt 0:00:05]} h6 {[%emt 0:00:37]} 5. g4 {[%emt 0:00:09]} Bh7 {[%emt 0:00:16]} 6. e6 {[%emt 0:02:28]} fxe6 {[%emt 0:02:25]} 7. Bd3 {[%emt 0:00:08]} Bxd3 {[%emt 0:03:16]} 8. Qxd3 {[%emt 0:00:08]} Nf6 {[%emt 0:00:24] B12: Caro-Kann: Advance Variation.} 9. Bf4 {[%emt 0:00:50]} Qb6 {[%emt 0:01:41] [#]} 10. b3 $146 {[%emt 0:10:36]} ({Predecessor:} 10. Nc3 Nbd7 11. O-O-O O-O-O 12. Qg3 c5 13. Nf3 Ne4 14. Nxe4 dxe4 15. dxc5 Qa5 16. Nd4 Qxa2 {1-0 (42) Galaktionov,P (2163)-Bobarykin,D (2226) Bratsk 2013}) 10... Na6 $2 {[%emt 0:04:10]} (10... e5 $11 11. Bxe5 Nbd7) 11. c3 {[%emt 0:19:10]} O-O-O {[%emt 0:03:37]} 12. f3 {[%emt 0:01:36]} c5 {[%emt 0:11:01]} 13. Ne2 {[%emt 0:06:41]} c4 {[%emt 0:01:40]} 14. Qc2 {[%emt 0:01:17]} Qc6 {[%emt 0:03:23]} 15. a4 {[%emt 0:03:15]} e5 {[%emt 0:01:53]} 16. dxe5 {[%emt 0:07:10]} (16. Bxe5 $14 Nd7 17. Bg3) 16... Nxg4 $2 {[%emt 0:01:35]} (16... cxb3 $11 17. Qd2 Nd7) 17. Qf5+ {[%emt 0:04:41]} e6 {[%emt 0:01:49]} 18. Qxg4 {[%emt 0:00:09]} cxb3 {[%emt 0:00:14]} 19. O-O $2 {[%emt 0:11:18]} ({White should play} 19. Be3 $16) 19... Bc5+ {[%emt 0:01:04]} (19... Qc4 $1 $15 20. Qxe6+ Kb8) 20. Kh1 {[%emt 0:03:52]} g5 {[%emt 0:00:35] [#]} 21. Bh2 $1 {[%emt 0:02:25]} gxh4 {[%emt 0:01:41] [#]} 22. Nd2 $1 {[%emt 0:01:10]} b2 {[%emt 0:01:40] [#]} 23. Ra2 $1 {[%emt 0:01:09]} Rdg8 {[%emt 0:01:28]} 24. Qxh4 {[%emt 0:02:38]} Qe8 {[%emt 0:01:33]} 25. Rxb2 {[%emt 0:01:07]} Qg6 $18 {[%emt 0:00:36]} (25... Rg5 {was necessary.} 26. Rfb1 Rh5) 26. Nf4 {[%emt 0:02:51]} Qf5 {[%emt 0:00:43]} 27. Qh3 {[%emt 0:00:23]} Qg5 {[%emt 0:01:45]} 28. Nxe6 {[%emt 0:00:36]} 1-0

[Event "DMP-III LIGA Senior PK 2020"]
[Site "Bystre"]
[Date "2020.07.11"]
[Round "6.28"]
[White "Szaro, Mariusz"]
[Black "Krynicki, Grzegorz"]
[Result "1-0"]
[WhiteElo "1599"]
[BlackElo "1369"]
[Annotator "NA RC"]
[PlyCount "52"]
[EventDate "2020.07.05"]
[EventType "team-tourn"]
[EventCountry "POL"]
[SourceTitle "playchess.com"]
[Source "ChessBase"]
[SourceQuality "1"]
[TimeControl "5400+30"]

1. d4 {[%emt 0:00:00]} d5 {[%emt 0:00:47]} 2. Nf3 {[%emt 0:00:52]} Nf6 {[%emt 0:00:09]} 3. Bg5 e6 {[%emt 0:00:22]} 4. e3 {[%emt 0:00:29]} Be7 {[%emt 0:00:07]} 5. Bd3 {[%emt 0:00:43]} O-O {[%emt 0:00:23]} 6. Nbd2 {[%emt 0:00:51]} b6 {[%emt 0:00:23]} 7. Qe2 {[%emt 0:00:09]} Nbd7 {[%emt 0:00:40]} 8. Ne5 {[%emt 0:01:29]} Bb7 {[%emt 0:03:33]} 9. Qf3 {[%emt 0:02:26]} c5 {[%emt 0:01:19]} 10. c3 {[%emt 0:00:10]} Qc7 {[%emt 0:01:07]} 11. Nxd7 {[%emt 0:35:49]} Qxd7 {[%emt 0:00:03]} 12. Bxf6 {[%emt 0:00:08]} Bxf6 {[%emt 0:00:14]} 13. Qh3 {[%emt 0:00:04]} h6 {[%emt 0:04:57]} 14. f4 {[%emt 0:01:04]} Be7 {[%emt 0:21:24]} 15. g4 {[%emt 0:05:32]} f5 {[%emt 0:07:21]} 16. gxf5 {[%emt 0:00:24]} exf5 {[%emt 0:00:02]} 17. Nf3 {[%emt 0:00:22]} Qe6 {[%emt 0:21:11]} 18. Ne5 {[%emt 0:00:20]} c4 {[%emt 0:00:28]} 19. Bc2 {[%emt 0:01:10]} b5 {[%emt 0:04:13]} 20. Rg1 {[%emt 0:06:38]} Qf6 {[%emt 0:07:29]} 21. Rg3 {[%emt 0:06:34]} Qh4 {[%emt 0:02:50]} 22. Qg2 {[%emt 0:00:02]} g5 {[%emt 0:00:41]} 23. Ng6 {[%emt 0:01:22]} gxf4 {[%emt 0:20:18]} 24. Nxh4+ {[%emt 0:00:13]} fxg3 {[%emt 0:00:08]} 25. Qxg3+ {[%emt 0:00:16]} Bg5 {[%emt 0:00:02]} 26. Nxf5 {[%emt 0:00:35]} Kh8 {[%emt 0:02:08]} 1-0

[Event "DMP-III LIGA Senior PK 2020"]
[Site "Bystre"]
[Date "2020.07.11"]
[Round "6.28"]
[White "Szaro, Mariusz"]
[Black "Krynicki, Henryk"]
[Result "*"]
[WhiteElo "1559"]
[BlackElo "1661"]
[Annotator "NA"]
[PlyCount "25"]
[EventDate "2020.07.05"]
[EventType "team-tourn"]
[EventCountry "POL"]
[SourceTitle "playchess.com"]
[Source "ChessBase"]
[SourceQuality "1"]
[TimeControl "5400+30"]

1. d4 {[%emt 0:00:00]} d5 {[%emt 0:00:47]} 2. Nf3 {[%emt 0:00:52]} Nf6 {[%emt 0:00:09]} 3. Bg5 e6 {[%emt 0:00:22]} 4. e3 {[%emt 0:00:29]} Be7 {[%emt 0:00:07]} 5. Bd3 {[%emt 0:00:43]} O-O {[%emt 0:00:23]} 6. Nbd2 {[%emt 0:00:51]} b6 {[%emt 0:00:23]} 7. Qe2 {[%emt 0:00:09]} Nbd7 {[%emt 0:00:40]} 8. Ne5 {[%emt 0:01:29]} Bb7 {[%emt 0:03:33]} 9. Qf3 {[%emt 0:02:26]} c5 {[%emt 0:01:19]} 10. c3 {[%emt 0:00:10]} Qc7 {[%emt 0:01:07]} 11. Nxd7 {[%emt 0:35:49]} Qxd7 {[%emt 0:00:03]} 12. Bxf6 {[%emt 0:00:08]} Bxf6 {[%emt 0:00:14]} 13. Qh3 {[%emt 0:00:04]} *

[Event "DMP-III LIGA Senior PK 2020"]
[Site "Bystre"]
[Date "2020.07.11"]
[Round "6.30"]
[White "Kruczek, Aleksandra"]
[Black "Krzysztynska, Anna"]
[Result "0-1"]
[WhiteElo "1038"]
[BlackElo "1857"]
[Annotator "NA RC"]
[PlyCount "160"]
[EventDate "2020.07.05"]
[EventType "team-tourn"]
[EventCountry "POL"]
[SourceTitle "playchess.com"]
[Source "ChessBase"]
[SourceQuality "1"]
[TimeControl "5400+30"]

{[%evp 16,156,-11,32767,-58,-47,-45,32767,32767,32767,-76,32767,32767,32767,32767,32767,-29,-50,-31,-82,32767,32767,32767,32767,32767,-94,-85,-103,-78,-128,-96,-95,-85,-106,32767,32767,32767,32767,32767,32767,32767,32767,32767,-102,32767,32767,32767,32767,32767,32767,32767,46,75,75,77,36,32767,32767,0,0,15,9,29971,-6,-9,-5,-4,-25,-8,0,0,-14,32767,32767,32767,32767,32767,0,0,-189,-131,-185,-187,-195,-206,-361,-300,-250,0,0,32767,32767,32767,32767,0,-13,-8,-25,0,-8,0,0,-8,-89,-31,-430,-580,32767,32767,32767,32767,32767,32767,32767,32767,32767,-29966,-4129,-5125,-4837,-4137,32767,32767,32767,32767,32767,32767,32767,32767,32767,32767,32767,32767,32767,-29992,-29992,-29991,-29995,-29996,-29996,-27999,-29997,-29998]} 1. d4 {[%emt 0:00:00]} c5 {[%emt 0:00:00]} 2. Bf4 {[%emt 0:04:17]} cxd4 {[%emt 0:01:25]} 3. Qxd4 {[%emt 0:00:28]} Nc6 {[%emt 0:00:17]} 4. Qd2 {[%emt 0:02:04]} e5 {[%emt 0:00:54]} 5. Bg3 {[%emt 0:03:50] [#]} d5 $146 {[%emt 0:01:59]} ({Predecessor:} 5... Nf6 6. Nc3 d5 7. e3 a6 8. Nf3 e4 9. Nd4 Bb4 10. a3 Be7 11. Be2 O-O {½-½ (25) Doman,C (1856)-Jager,L Hungary 2007}) 6. e4 {[%emt 0:02:49] A43: Schmid Benoni.} d4 {[%emt 0:06:29]} 7. Bb5 {[%emt 0:01:20]} f6 {[%emt 0:08:31]} 8. Ne2 {[%emt 0:03:02]} Qb6 {[%emt 0:03:42]} 9. a4 {[%emt 0:05:50]} a6 {[%emt 0:01:25]} 10. Bxc6+ $1 {[%emt 0:04:43]} bxc6 {[%emt 0:00:15]} 11. b3 {[%emt 0:07:23]} Nh6 {[%emt 0:03:43]} 12. h3 {[%emt 0:01:56]} Be6 {[%emt 0:01:02]} 13. a5 {[%emt 0:04:25]} Qb7 {[%emt 0:00:54]} 14. Qd3 {[%emt 0:02:29]} Be7 {[%emt 0:02:36]} 15. O-O {[%emt 0:01:17]} O-O {[%emt 0:01:27]} 16. Nd2 {[%emt 0:02:00]} Qb5 {[%emt 0:01:51]} 17. Rfc1 {[%emt 0:05:35]} Rab8 {[%emt 0:04:23]} 18. Nxd4 {[%emt 0:01:28]} exd4 {[%emt 0:01:14]} 19. Bxb8 {[%emt 0:00:23]} Rxb8 {[%emt 0:01:17]} 20. Qxd4 {[%emt 0:03:24]} Rd8 {[%emt 0:01:20]} 21. Qe3 {[%emt 0:07:50]} Bc5 {[%emt 0:02:15]} 22. Qf4 {[%emt 0:05:49]} Bd4 {[%emt 0:05:36]} 23. c3 {[%emt 0:05:38]} Be5 {[%emt 0:01:42]} 24. Qe3 {[%emt 0:01:14]} Qd3 {[%emt 0:03:41]} 25. Nf3 {[%emt 0:08:37]} Qxe3 {[%emt 0:05:18]} 26. fxe3 {[%emt 0:00:18]} Bxb3 {[%emt 0:01:10]} 27. Rab1 {[%emt 0:00:53]} Bc4 {[%emt 0:00:33]} 28. Rb4 {[%emt 0:01:55]} Be2 {[%emt 0:08:31]} 29. Rb6 {[%emt 0:01:45]} (29. Nxe5 $11 fxe5 30. Rb2) 29... c5 {[%emt 0:08:50]} 30. Nxe5 {[%emt 0:01:16]} fxe5 {[%emt 0:00:01]} 31. c4 {[%emt 0:00:33]} Ra8 {[%emt 0:00:38]} 32. Rc6 {[%emt 0:00:57]} Nf7 {[%emt 0:00:35]} 33. Rxc5 {[%emt 0:02:15]} Bd3 {[%emt 0:00:30]} 34. Rd1 {[%emt 0:02:55]} Bxe4 {[%emt 0:03:05]} 35. Rc7 {[%emt 0:00:35]} Bf5 {[%emt 0:01:14]} 36. c5 {[%emt 0:01:10]} Kf8 {[%emt 0:02:47]} 37. Rf1 {[%emt 0:00:58]} Be6 {[%emt 0:00:58]} 38. c6 {[%emt 0:00:41]} Rc8 $2 {[%emt 0:01:28] [#]} (38... Re8 $11) 39. Rxc8+ $2 {[%emt 0:02:14]} (39. Rfxf7+ $1 {[%mdl 512] mates} Kg8 (39... Bxf7 40. Rxc8+) 40. Rxg7+ {[%mdl 64] Double Attack} Kf8 {[#]} 41. Rgf7+ $3 {[%mdl 512]} Kg8 42. Rxh7 Re8 43. Rcg7+ Kf8 44. Rh8+ Kxg7 45. Rxe8) 39... Bxc8 {[%emt 0:00:02]} 40. Rd1 {[%emt 0:01:37]} Ke7 {[%emt 0:00:26]} 41. Rb1 {[%emt 0:01:28]} Kd6 {[%emt 0:00:51]} 42. Rb8 $1 {[%emt 0:00:58]} Kc7 {[%emt 0:00:12]} 43. Ra8 {[%emt 0:00:12]} Nd6 {[%emt 0:02:12]} 44. Ra7+ {[%emt 0:00:11]} Kxc6 {[%emt 0:00:04]} 45. Rxg7 {[%emt 0:00:05]} Bf5 {[%emt 0:01:08]} 46. g4 {[%emt 0:00:20]} Be4 {[%emt 0:01:42]} 47. Ra7 $2 {[%emt 0:00:27]} (47. h4 $11) 47... Kb5 {[%emt 0:00:21]} 48. Re7 {[%emt 0:00:20]} Nc4 {[%emt 0:00:39]} 49. h4 {[%emt 0:00:31]} Kxa5 {[%emt 0:01:08]} 50. g5 {[%emt 0:00:53]} Kb4 {[%emt 0:02:24]} 51. h5 {[%emt 0:00:45]} Nd2 $2 {[%emt 0:03:06]} (51... a5 $19 52. g6 hxg6) 52. g6 {[%emt 0:00:38]} hxg6 {[%emt 0:00:20]} 53. h6 {[%emt 0:00:06]} g5 {[%emt 0:01:50]} 54. Kf2 {[%emt 0:00:42]} Nc4 {[%emt 0:00:56]} 55. Kg3 {[%emt 0:00:26]} a5 {[%emt 0:01:43]} 56. Rb7+ {[%emt 0:00:46]} Kc3 {[%emt 0:01:01]} 57. Ra7 {[%emt 0:00:28]} Kd3 {[%emt 0:01:18]} 58. Kf2 {[%emt 0:00:57]} g4 {[%emt 0:00:39]} ({Don't go for} 58... Nxe3 $2 59. Rd7+ Kc4 60. Kxe3 $18) 59. Rd7+ {[%emt 0:00:19]} (59. Kg3 $11) 59... Kc3 {[%emt 0:00:49]} 60. Rg7 $2 {[%emt 0:00:21] [#]} (60. Ra7 $17 {was the crucial defense.}) 60... a4 $1 {[%emt 0:01:50]} 61. Rxg4 {[%emt 0:00:38]} Bf5 {[%emt 0:00:33]} 62. Rg5 {[%emt 0:00:15]} Bc2 {[%emt 0:00:33]} 63. Rg1 {[%emt 0:00:43]} a3 {[%emt 0:01:27]} 64. Kf3 {[%emt 0:00:41]} Nd2+ {[%emt 0:00:21]} 65. Ke2 {[%emt 0:00:20]} Bd3+ {[%emt 0:00:59]} 66. Kf2 {[%emt 0:00:17]} Ne4+ {[%emt 0:00:37]} 67. Kf3 {[%emt 0:00:13]} Nf6 {[%emt 0:00:22]} 68. Ra1 {[%emt 0:00:54]} Kb2 {[%emt 0:00:12]} 69. Rxa3 {[%emt 0:00:06]} Kxa3 {[%emt 0:00:06]} 70. Kf2 {[%emt 0:00:38]} Ng4+ {[%emt 0:00:06]} 71. Ke1 {[%emt 0:00:13]} Nxh6 {[%emt 0:00:11]} 72. Kd2 {[%emt 0:00:08]} e4 {[%emt 0:00:10]} 73. Ke1 {[%emt 0:00:18]} Ng4 {[%emt 0:00:12]} 74. Kd2 {[%emt 0:00:13]} Kb3 {[%emt 0:00:40]} 75. Ke1 {[%emt 0:00:27]} Nxe3 {[%emt 0:00:26]} 76. Kd2 {[%emt 0:00:13]} Ng2 {[%emt 0:00:50]} 77. Kd1 {[%emt 0:00:16]} e3 {[%emt 0:01:02]} 78. Kc1 {[%emt 0:00:24]} e2 {[%emt 0:00:20]} 79. Kd2 {[%emt 0:00:28]} e1=Q+ {[%emt 0:00:08]} 80. Kxd3 {[%emt 0:00:19]} Qe3# {[%emt 0:00:10]} 0-1

[Event "DMP-III LIGA Senior PK 2020"]
[Site "Bystre"]
[Date "2020.07.11"]
[Round "7.1"]
[White "Kopczyk, Daniel"]
[Black "Stefanski, Robert"]
[Result "1-0"]
[WhiteElo "2137"]
[BlackElo "1649"]
[Annotator "TA"]
[PlyCount "104"]
[EventDate "2020.07.05"]
[EventType "team-tourn"]
[EventCountry "POL"]
[SourceTitle "playchess.com"]
[Source "ChessBase"]
[SourceQuality "1"]

{[%evp 16,104,25,27,53,57,53,58,118,55,54,66,195,193,198,139,141,145,145,146,154,154,149,141,148,126,162,175,160,147,144,143,173,159,166,168,204,149,209,180,200,181,183,179,185,164,177,137,120,115,114,103,195,200,204,190,231,223,255,250,644,606,670,633,744,745,675,650,1458,1460,1272,1266,1438,1331,1205,1257,1987,1783,1772,1587,29962,29964,29961,29965,29956,29954,5425,5136,5114,4845,29991]} 1. Nf3 Nf6 2. c4 e6 3. g3 d5 4. Bg2 c5 5. O-O Be7 6. cxd5 exd5 7. d4 O-O 8. Nc3 Nc6 9. Bf4 Nh5 {D34: Tarrasch Defence: 6 g3 Nf6 7 Bg2 Be7.} 10. Be3 c4 11. Ne5 Be6 {[#]} (11... Nf6 $14) 12. f4 $146 (12. Nxc4 $16 h6 13. Ne5) ({Predecessor:} 12. Nxc4 dxc4 13. d5 Qc8 14. dxe6 Qxe6 15. Bd5 Qg4 16. Bf3 Qg6 17. Qd5 Nf6 18. Qxc4 {1-0 (72) Hanisch,F (2054)-Niedermaier,B (1851) Mittelfranken 2016}) 12... f5 13. Nxc4 Nxd4 (13... dxc4 $14 14. d5 {[%mdl 64] Double Attack} Nf6) 14. Ne5 $18 ({Much less strong is} 14. Bxd4 $6 dxc4 15. Bxb7 Rb8 $16) 14... Nc6 15. Nxd5 ({White should play} 15. Bxd5 $18 Bxd5 16. Nxd5 (16. Qxd5+ Qxd5 17. Nxd5 Nf6 $16)) 15... Nf6 $16 {[%cal Re6d5]} 16. Nxc6 bxc6 17. Nxe7+ Qxe7 18. Qc2 Rfd8 19. Bc5 Qe8 20. Bf3 Nd5 21. e4 fxe4 22. Bxe4 Nf6 23. Bg2 Qh5 24. Rae1 Bd5 25. Re5 Qf7 26. b3 Ng4 (26... Bxg2 $16 27. Kxg2 Rd5) 27. Re7 $18 Qh5 {[%csl Gg4][%cal Rh5h2] [#]} 28. h3 Bxg2 29. Kxg2 $40 {[%mdl 128] Black is in trouble.} Qd5+ 30. Kg1 Nf6 31. Re5 Qd3 32. Qxd3 Rxd3 33. Re3 Rad8 (33... Rd2 $16 {keeps fighting.}) 34. Bxa7 Rd2 35. Rf2 Rxf2 36. Kxf2 {[%mdl 4096] Endgame KRB-KRN} Rd2+ 37. Re2 Ne4+ $2 (37... Rd3 38. Bb8 Kf7) 38. Ke3 Rxe2+ 39. Kxe2 Nxg3+ {KB-KN} 40. Kd3 Kf7 41. Bd4 Nf5 42. a4 Ke6 43. a5 {[%cal Ba4a5,Ba5a6][%mdl 32]} Kd7 44. a6 Kc7 45. Bc5 g6 46. Ke4 Ng3+ 47. Ke5 Ne2 48. f5 gxf5 49. Kxf5 Ng3+ 50. Kf4 Ne2+ 51. Kg5 Ng3 {[#]} 52. Bd6+ $1 {[%mdl 576] Double Attack} Kd7 {Accuracy: White = 86%, Black = 42%.} (52... Kxd6 53. a7) 1-0

[Event "DMP-III LIGA Senior PK 2020"]
[Site "Bystre"]
[Date "2020.07.11"]
[Round "7.2"]
[White "Socha, Kamil"]
[Black "Mrozowski, Patryk"]
[Result "0-1"]
[WhiteElo "1817"]
[BlackElo "2065"]
[Annotator "TA"]
[PlyCount "60"]
[EventDate "2020.07.05"]
[EventType "team-tourn"]
[EventCountry "POL"]
[SourceTitle "playchess.com"]
[Source "ChessBase"]
[SourceQuality "1"]

{[%evp 12,60,26,-14,39,34,71,59,77,20,60,28,45,46,50,56,44,53,55,33,91,83,87,78,119,0,6,-52,-20,-38,-25,-25,0,-36,-37,-104,-72,-77,-74,-214,-210,-213,-180,-175,-179,-179,-133,-257,-189,-373,-375]} 1. d4 Nf6 2. Nf3 c5 3. d5 d6 4. Nc3 g6 5. e4 Bg7 6. Be2 O-O 7. h3 Bd7 {A43: Schmid Benoni.} (7... b5 $11) 8. a4 $14 Na6 9. O-O Nc7 {[#] White is slightly better.} 10. Nd2 $146 (10. Bf4 $16) ({Predecessor:} 10. Bf4 Rb8 11. e5 dxe5 12. Nxe5 Bf5 13. Bf3 Nfe8 14. g4 f6 15. Nc4 Bd7 16. d6 exd6 17. Nxd6 {½-½ (53) Gebigke,M (2182)-Haenjes,F Kiel 2000}) 10... Qb8 11. f4 b5 12. axb5 Nxb5 13. Nxb5 Bxb5 14. c4 Bd7 15. Bd3 Re8 (15... e6 $14) 16. Nf3 Bc8 17. f5 Nd7 18. e5 (18. Bd2 $16) 18... Nxe5 $11 19. Ng5 (19. Nxe5 $11 Bxe5 20. fxg6 hxg6 21. Qd2 Bd4+ 22. Kh1) 19... Rf8 20. fxg6 fxg6 21. Rxf8+ Bxf8 22. Ra3 (22. Nxh7 $5 Bg7 23. Ng5 $11) 22... Bg7 23. Bb1 ({Better is} 23. Rb3 $15 Qc7 24. Be4) 23... Bd7 ({Much weaker is} 23... Nxc4 $6 24. Rb3 $11) 24. Rg3 Qf8 ({Much worse is} 24... Nxc4 $6 25. Nxh7 Ne5 26. Bxg6 $11) 25. Nxh7 {This costs White the game.} (25. Bd2 $17) 25... Kxh7 $19 26. Qh5+ Kg8 27. Bxg6 Nxg6 28. Qxg6 {[#] Black must now prevent Bh6!} Qf7 {...Qxg6 is the strong threat.} 29. Qg5 (29. Bh6 $17 {is the only way for White.} Qxg6 30. Rxg6) 29... Rf8 30. h4 $2 (30. Rf3 Qe8 31. Rg3) 30... Qf6 {Accuracy: White = 45%, Black = 68%.} 0-1

[Event "DMP-III LIGA Senior PK 2020"]
[Site "Bystre"]
[Date "2020.07.11"]
[Round "7.3"]
[White "Szaro, Mariusz"]
[Black "Stefanski, Adam"]
[Result "0-1"]
[WhiteElo "1559"]
[BlackElo "1387"]
[Annotator "NA RC"]
[PlyCount "104"]
[EventDate "2020.07.05"]
[EventType "team-tourn"]
[EventCountry "POL"]
[SourceTitle "playchess.com"]
[Source "ChessBase"]
[SourceQuality "1"]
[TimeControl "5400+30"]

1. d4 {[%emt 0:00:00]} Nf6 {[%emt 0:00:22]} 2. Nf3 {[%emt 0:00:41]} e6 {[%emt 0:00:08]} 3. Bg5 {[%emt 0:00:13]} d5 {[%emt 0:01:11]} 4. e3 {[%emt 0:00:24]} c5 {[%emt 0:02:17]} 5. c3 {[%emt 0:00:16]} Nc6 {[%emt 0:01:14]} 6. Nbd2 {[%emt 0:00:55]} cxd4 {[%emt 0:04:19]} 7. exd4 {[%emt 0:00:42]} h6 {[%emt 0:00:57]} 8. Bh4 {[%emt 0:00:54]} Be7 {[%emt 0:02:32]} 9. Bd3 {[%emt 0:00:28]} Qc7 {[%emt 0:01:58]} 10. Qe2 {[%emt 0:00:46]} Nh5 {[%emt 0:11:07]} 11. Bxe7 {[%emt 0:04:42]} Nf4 {[%emt 0:04:39]} 12. Qf1 {[%emt 0:00:15]} Nxd3+ {[%emt 0:01:34]} 13. Qxd3 {[%emt 0:00:02]} Nxe7 {[%emt 0:00:59]} 14. O-O {[%emt 0:02:05]} Bd7 {[%emt 0:01:21]} 15. Ne5 {[%emt 0:00:49]} a6 {[%emt 0:01:55]} 16. Qf3 {[%emt 0:01:53]} Nf5 {[%emt 0:08:59]} 17. g4 {[%emt 0:02:48]} Nd6 {[%emt 0:02:42]} 18. a4 {[%emt 0:12:21]} Bc6 {[%emt 0:08:08]} 19. Qd3 {[%emt 0:04:24]} Qe7 {[%emt 0:16:45]} 20. Nxc6 {[%emt 0:03:17]} bxc6 {[%emt 0:00:02]} 21. Qg3 {[%emt 0:01:31]} h5 {[%emt 0:05:24]} 22. Rfe1 {[%emt 0:19:23]} hxg4 {[%emt 0:01:18]} 23. Qxg4 {[%emt 0:01:08]} Rh6 {[%emt 0:02:31]} 24. Qf4 {[%emt 0:03:39]} Rf6 {[%emt 0:10:03]} 25. Qh4 {[%emt 0:03:35]} Rg6+ {[%emt 0:00:11]} 26. Qg3 {[%emt 0:00:15]} Rxg3+ {[%emt 0:00:07]} 27. fxg3 {[%emt 0:00:23]} Nf5 {[%emt 0:03:32]} 28. Nf3 {[%emt 0:00:34]} c5 {[%emt 0:00:45]} 29. Re5 {[%emt 0:02:14]} cxd4 {[%emt 0:01:30]} 30. Rxf5 {[%emt 0:00:02]} exf5 {[%emt 0:02:04]} 31. Re1 {[%emt 0:00:45]} Qxe1+ {[%emt 0:00:58]} 32. Nxe1 {[%emt 0:00:01]} dxc3 {[%emt 0:00:32]} 33. bxc3 {[%emt 0:00:01]} Rc8 {[%emt 0:01:09]} 34. Nc2 {[%emt 0:04:11]} Rxc3 {[%emt 0:00:49]} 35. Nb4 {[%emt 0:00:45]} d4 {[%emt 0:00:29]} 36. Kf2 {[%emt 0:00:49]} Ra3 {[%emt 0:00:46]} 37. Nxa6 {[%emt 0:00:15]} Rxa4 {[%emt 0:00:19]} 38. Nc5 {[%emt 0:00:01]} Ra3 {[%emt 0:00:30]} 39. Ke2 {[%emt 0:00:24]} Ke7 {[%emt 0:00:33]} 40. Nd3 {[%emt 0:00:14]} Ra2+ {[%emt 0:01:08]} 41. Kf3 {[%emt 0:00:08]} Rxh2 {[%emt 0:00:19]} 42. Kf4 {[%emt 0:00:13]} Kf6 {[%emt 0:01:05]} 43. Kf3 {[%emt 0:00:45]} Rc2 {[%emt 0:00:44]} 44. Nf4 {[%emt 0:00:21]} g5 {[%emt 0:00:27]} 45. Nd5+ {[%emt 0:00:18]} Ke6 {[%emt 0:00:16]} 46. Nb4 {[%emt 0:00:12]} Rc3+ {[%emt 0:00:05]} 47. Kf2 {[%emt 0:00:11]} Ke5 {[%emt 0:00:15]} 48. Ke2 {[%emt 0:00:56]} Ke4 {[%emt 0:00:19]} 49. Kd2 {[%emt 0:00:48]} Rxg3 {[%emt 0:00:19]} 50. Na6 {[%emt 0:00:22]} Rg2+ {[%emt 0:00:17]} 51. Kd1 {[%emt 0:00:07]} Ke3 {[%emt 0:00:21]} 52. Nc5 {[%emt 0:00:06]} d3 {[%emt 0:00:28]} 0-1

[Event "DMP-III LIGA Senior PK 2020"]
[Site "Bystre"]
[Date "2020.07.11"]
[Round "7.5"]
[White "Dziura, Wiktor"]
[Black "Medrygal, Rafal"]
[Result "0-1"]
[WhiteElo "1353"]
[BlackElo "1258"]
[Annotator "NA RC"]
[PlyCount "58"]
[EventDate "2020.07.05"]
[EventType "team-tourn"]
[EventCountry "POL"]
[SourceTitle "playchess.com"]
[Source "ChessBase"]
[SourceQuality "1"]
[TimeControl "5400+30"]

1. g3 {[%emt 0:00:00]} e5 {[%emt 0:00:00]} 2. Bg2 {[%emt 0:00:00]} Nf6 {[%emt 0:00:00]} 3. c4 {[%emt 0:00:00]} d5 {[%emt 0:01:00]} 4. cxd5 {[%emt 0:00:09]} Nxd5 {[%emt 0:00:09]} 5. Nc3 {[%emt 0:00:21]} Nxc3 6. bxc3 {[%emt 0:00:05]} Bc5 {[%emt 0:01:49]} 7. Nf3 {[%emt 0:01:27]} Nc6 {[%emt 0:00:30]} 8. O-O {[%emt 0:03:50]} O-O {[%emt 0:01:20]} 9. d3 {[%emt 0:00:49]} Bf5 {[%emt 0:01:16]} 10. Nd2 {[%emt 0:02:03]} Qd7 {[%emt 0:01:32]} 11. Ne4 {[%emt 0:00:50]} Be7 {[%emt 0:01:25]} 12. Re1 {[%emt 0:00:51]} Bh3 {[%emt 0:00:45]} 13. Bh1 {[%emt 0:00:29]} f5 {[%emt 0:03:54]} 14. Ng5 {[%emt 0:02:50]} Bxg5 {[%emt 0:01:35]} 15. Bxg5 {[%emt 0:00:21]} f4 {[%emt 0:00:25]} 16. Qb3+ {[%emt 0:01:35]} Kh8 {[%emt 0:00:58]} 17. Qxb7 {[%emt 0:01:22]} Qf5 {[%emt 0:03:44]} 18. Bxf4 {[%emt 0:08:26]} exf4 {[%emt 0:03:19]} 19. Qxc6 {[%emt 0:02:24]} fxg3 {[%emt 0:00:49]} 20. Qf3 {[%emt 0:00:48]} gxf2+ {[%emt 0:01:03]} 21. Kxf2 {[%emt 0:00:58]} Qe5 {[%emt 0:00:52]} 22. d4 {[%emt 0:01:02]} Rxf3+ {[%emt 0:00:37]} 23. Bxf3 {[%emt 0:00:19]} Qxh2+ {[%emt 0:00:24]} 24. Ke3 {[%emt 0:00:13]} Re8+ {[%emt 0:00:25]} 25. Kd3 {[%emt 0:00:23]} Bf5+ {[%emt 0:01:08]} 26. Kd2 {[%emt 0:00:46]} Qf4+ {[%emt 0:00:42]} 27. Kd1 {[%emt 0:00:07]} Rb8 {[%emt 0:01:14]} 28. Bc6 {[%emt 0:01:12]} Qe3 {[%emt 0:00:45]} 29. Rf1 {[%emt 0:00:59]} Rb2 {[%emt 0:00:50]} 0-1